000 00917 a2200205 4500
001 53377
005 20260407155808.0
008 260407a1970 arg spa d
003 AR-UNSa-BCEJYS
040 _aAR-UNSa-BCEJYS
_bspa
_cAR-UNSa-BCEJYS
080 _a338.2
_xPolítica económica. Control de la economía. Gestión de la economía. Planificación económica
245 1 0 _aPlan y laissez-faire en la economía contemporánea
264 1 _aBuenos Aires :
_bEdiciones Macchi
_c1970
300 _a120 p.
_c22 cm.
505 _a1. Plan y antiplan - 2. Los planes soviéticos y la planificación centralizada - 3. El subdesarrollo y la planificación imperativa - 4. El plan francés y los planes indicativos - 5. Las experiencias argentinas – 6. Hacia planes supranacionales.
942 _cBK
590 _aniveau_biblio:m niveau_hierar:0
100 1 _aMontuschi, Luisa
700 1 _aVázquez-Presedo, Vicente
999 _c5230
_d5230